[Event "cf"]
[Site "Vilnius cf"]
[Date "1984.??.??"]
[Round "11"]
[White "Kasparov, Gary"]
[Black "Smyslov, Vassily V"]
[Result "1/2-1/2"]
[WhiteElo "2710"]
[BlackElo "2600"]
[PlyCount "49"]
[EventDate "1984.??.??"]
[Source "www.chesslib.no"]
[SourceDate "2004.05.04"]

1. d4 d5 2. Nf3 Nc6 3. c4 Bg4 4. cxd5 Bxf3 5. gxf3 Qxd5 6. e3 e5 7. Nc3 Bb4 8. Bd2 Bxc3 9. bxc3 Qd6 10. Rb1 b6 11. f4 exf4 12. e4 Nge7 13. Qf3 Qa3 14. Be2 f5 15. O-O fxe4 16. Qxe4 Qxc3 17. Be3 Qa3 18. Bd3 Qd6 19. Qxh7 Kf7 20. Rb5 Nxd4 21. Qe4 Rad8 22. Bxd4 Qxd4 23. Rf5+ Nxf5 24. Qxf5+ Kg8 25. Qh7+ 1/2-1/2

[Event "Keres mem, Parnu EST"]
[Site "Parnu"]
[Date "1998.??.??"]
[Round "5"]
[White "Lautier, J."]
[Black "Yermolinsky, A."]
[Result "1/2-1/2"]
[WhiteElo "2645"]
[BlackElo "2660"]
[PlyCount "63"]
[EventDate "1998.??.??"]
[Source "www.chesslib.no"]
[SourceDate "2004.05.04"]

1. d4 d5 2. c4 Nc6 3. cxd5 Qxd5 4. e3 e5 5. Nc3 Bb4 6. Bd2 Bxc3 7. Bxc3 exd4 8. Ne2 Nge7 9. Nxd4 Nxd4 10. Qxd4 Qxd4 11. Bxd4 f6 12. Be2 Be6 13. O-O Kf7 14. Bh5+ g6 15. Bf3 c6 16. Rfc1 h5 17. Be2 Rhd8 18. b4 Nf5 19. Bc3 Rd7 20. a4 a6 21. Kf1 Nd6 22. Rd1 Rad8 23. Ke1 Nf5 24. Rdc1 Bd5 25. Kf1 Re8 26. Be1 Nd6 27. Ra3 Rde7 28. Rc5 f5 29. Bd3 f4 30. Bd2 Ne4 31. Bxe4 Rxe4 32. Rc1 1/2-1/2

[Event "Russia (ch)"]
[Site "?"]
[Date "1997.??.??"]
[Round "?"]
[White "Bareev, E."]
[Black "Morozevich, A."]
[Result "1-0"]
[WhiteElo "2665"]
[BlackElo "2595"]
[PlyCount "87"]
[EventDate "1997.??.??"]
[Source "ChessBase"]
[SourceDate "1997.06.01"]

1. d4 d5 2. c4 Nc6 3. e3 e5 4. dxe5 d4 5. a3 a5 6. Nf3 Bc5 7. exd4 Bxd4 8. Be2 Nge7 9. O-O O-O 10. Nc3 Bxc3 11. bxc3 Ng6 12. Bg5 Qe8 13. Re1 a4 14. Be3 Qe7 15. Qc2 Re8 16. Bf1 Ncxe5 17. Nxe5 Qxe5 18. Qb2 Qe4 19. Qb5 Re5 20. c5 Be6 21. Rad1 h6 22. Bd3 Qg4 23. h3 Qh5 24. Be2 Qh4 25. Qxb7 Re8 26. Qxc7 Rxe3 27. fxe3 Qg5 28. Bf1 Bxh3 29. Qc6 Rc8 30. Qxa4 Be6 31. c6 h5 32. Rd2 h4 33. Qe4 Qc5 34. Red1 Rxc6 35. Rd8+ Kh7 36. Bd3 f5 37. Qf3 Kh6 38. Be2 Kg5 39. R8d5 Qxc3 40. Rf1 Kf6 41. Rxf5+ Ke7 42. Rf7+ Kd6 43. Rd1+ Kc5 44. Rb7 1-0

[Event "Istanbul (ol)"]
[Site "?"]
[Date "2000.??.??"]
[Round "?"]
[White "Avrukh, B."]
[Black "Miladinovic, I."]
[Result "1-0"]
[WhiteElo "2625"]
[BlackElo "2560"]
[PlyCount "69"]
[EventDate "2000.??.??"]
[Source "Chess Informant"]
[SourceDate "2000.10.01"]

1. d4 d5 2. c4 Nc6 3. cxd5 Qxd5 4. e3 e5 5. Nc3 Bb4 6. Bd2 Bxc3 7. bxc3 Nf6 8. f3 e4 9. c4 Qd6 10. Qb1 Bf5 11. f4 O-O 12. Ne2 h5 13. d5 Ne7 14. Bb4 Qd7 15. Nd4 Bg6 16. Be2 c6 17. dxc6 bxc6 18. Bxe7 Qxe7 19. Nxc6 Qc5 20. Nd4 Rab8 21. Qc1 Ng4 22. h3 Nh6 23. g4 Qe7 24. Kf2 Rfc8 25. Kg3 f6 26. Rb1 Rxb1 27. Qxb1 Bf7 28. Rc1 g5 29. Rf1 Kh7 30. Kg2 f5 31. fxg5 Qxg5 32. Nxf5 Nxf5 33. Rxf5 Qe7 34. Qf1 Bg6 35. Rxh5+ 1-0

[Event "Alusta"]
[Site "?"]
[Date "1994.??.??"]
[Round "?"]
[White "Malaniuk, V."]
[Black "Morozevich, A."]
[Result "0-1"]
[WhiteElo "2595"]
[BlackElo "2590"]
[PlyCount "126"]
[EventDate "1994.??.??"]
[Source "ChessBase"]
[SourceDate "1994.02.01"]

1. d4 d5 2. c4 Nc6 3. Nf3 Bg4 4. Qa4 Bxf3 5. gxf3 e6 6. Nc3 Bb4 7. cxd5 exd5 8. a3 Bxc3+ 9. bxc3 Nge7 10. Rb1 Rb8 11. h4 O-O 12. h5 Qd6 13. h6 g6 14. e4 Qe6 15. Bh3 f5 16. O-O Qf6 17. exd5 Nxd5 18. Qc4 Rbd8 19. Rb5 Qd6 20. Bg5 Rd7 21. Re1 a6 22. Rxd5 Qxd5 23. Bf1 b5 24. Qxd5+ Rxd5 25. f4 Rd7 26. a4 Rb8 27. Bg2 Na5 28. axb5 axb5 29. Ra1 Nb3 30. Ra7 b4 31. cxb4 Nxd4 32. Ra5 c6 33. Ra6 Rc7 34. Bf6 Rxb4 35. Ra8+ Kf7 36. Be5 Rd7 37. Kh2 Rc4 38. Rh8 Ke6 39. Re8+ Re7 40. Rd8 Nb5 41. Bf3 g5 42. Be2 Re4 43. Bd3 Rxe5 44. fxe5 Kxe5 45. Bxb5 cxb5 46. Rb8 Re6 47. Kg3 Rxh6 48. Rxb5+ Kf6 49. Rb6+ Kg7 50. Rb7+ Kg6 51. f4 g4 52. Rb6+ Kg7 53. Rb7+ Kg8 54. Rb8+ Kf7 55. Rb7+ Kg6 56. Rb6+ Kh5 57. Rb7 Rc6 58. Rxh7+ Kg6 59. Ra7 Rc3+ 60. Kg2 Rf3 61. Ra4 Kh5 62. Rb4 Kh4 63. Ra4 Rg3+ 0-1

[Event "Ch Bosnia & Herzegovina (team)"]
[Site "Vogosca (Bosnia & Herzegovina"]
[Date "2007.06.10"]
[Round "9"]
[White "Sokolov Ivan (NED)"]
[Black "Fercec Nenad (CRO)"]
[Result "1-0"]
[WhiteElo "2663"]
[BlackElo "2501"]
[PlyCount "57"]
[EventDate "2007.??.??"]
[Source "www.chesslib.no"]
[SourceDate "2004.05.04"]

1. d4 d5 2. c4 Nc6 3. Nf3 Bg4 4. Nc3 e6 5. Bf4 Bxf3 6. gxf3 Bd6 7. cxd5 exd5 8. Bg3 Nf6 9. e3 O-O 10. Bh4 Be7 11. Qb3 Na5 12. Qc2 c6 13. Bd3 Re8 14. Ne2 Nd7 15. Bg3 h6 16. a3 b5 17. Bf5 Rc8 18. Nf4 Nc4 19. Nd3 a5 20. a4 bxa4 21. Qxa4 g6 22. Bh3 Bf6 23. b3 Ncb6 24. Qa3 a4 25. O-O axb3 26. Qxb3 Ra8 27. Rac1 Nc4 28. Qb7 Ra3 29. Nb4 1-0

[Event "ch team"]
[Site "?"]
[Date "1998.??.??"]
[Round "?"]
[White "Atalik Suat"]
[Black "Miladinovic Igor"]
[Result "1-0"]
[WhiteElo "2595"]
[BlackElo "2565"]
[PlyCount "71"]
[EventDate "1998.??.??"]
[Source "www.chesslib.no"]
[SourceDate "2004.05.04"]

1. d4 d5 2. c4 Nc6 3. cxd5 Qxd5 4. e3 e5 5. Nc3 Bb4 6. Bd2 Qd7 7. d5 Nce7 8. Nf3 Bd6 9. Bb5 c6 10. dxc6 bxc6 11. Bc4 Nf6 12. Ng5 O-O 13. Nce4 Nxe4 14. Nxe4 Nd5 15. Nxd6 Qxd6 16. O-O Qg6 17. Qe2 Nb6 18. f3 Bh3 19. Bb3 Rfd8 20. Bc3 Nd5 21. Bxd5 Rxd5 22. e4 Rd7 23. Bxe5 Re8 24. Bc3 Rd5 25. Kh1 Bc8 26. Qf2 Rf5 27. Rfe1 Rf8 28. Qg3 Be6 29. h3 Kh8 30. Kh2 Qg4 31. e5 f6 32. exf6 Rf4 33. a4 Rc4 34. f4 Re4 35. Rac1 Rd4 36. fxg7+ 1-0

[Event "Open A"]
[Site "Zadar CRO"]
[Date "2007.12.18"]
[Round "4"]
[White "Kurajica, B."]
[Black "Miladinovic, I."]
[Result "1-0"]
[WhiteElo "2554"]
[BlackElo "2603"]
[PlyCount "77"]
[EventDate "2007.12.16"]
[Source "www.chesslib.no"]
[SourceDate "2004.05.04"]

1. d4 d5 2. Nf3 Nc6 3. e3 Bg4 4. c4 e6 5. cxd5 exd5 6. Qb3 a6 7. Bd2 Rb8 8. Nc3 Be6 9. Bd3 Nf6 10. Ng5 Bc8 11. e4 h6 12. Nf3 Nb4 13. Bb1 dxe4 14. Nxe4 Be6 15. Nxf6+ Qxf6 16. Qe3 Nd5 17. Qe4 g6 18. O-O Bg7 19. Ne5 O-O 20. f4 Rbd8 21. Qf3 Bf5 22. Bxf5 Qxf5 23. Rac1 h5 24. h3 h4 25. Be1 Qxf4 26. Qxf4 Nxf4 27. Rxf4 Bh6 28. Bd2 Bxf4 29. Bxf4 Rxd4 30. Bh6 Rc8 31. Rf1 Re8 32. Nxf7 Rd5 33. Bc1 Re7 34. Ng5 Re2 35. Nf3 Kg7 36. Nxh4 Rc5 37. Rd1 Rec2 38. Be3 Rh5 39. Nf3 1-0

[Event "Alushta"]
[Site "?"]
[Date "1994.??.??"]
[Round "?"]
[White "Onischuk, Al"]
[Black "Morozevich, A."]
[Result "1-0"]
[WhiteElo "2535"]
[BlackElo "2590"]
[PlyCount "53"]
[EventDate "1994.??.??"]
[Source "ChessBase"]
[SourceDate "1994.10.01"]

1. d4 d5 2. c4 Nc6 3. Nf3 Bg4 4. Nc3 e6 5. Bg5 f6 6. Bh4 Bb4 7. Ne5 Nxe5 8. dxe5 c6 9. cxd5 Qa5 10. f3 exd5 11. fxg4 Bxc3+ 12. bxc3 Qxc3+ 13. Kf2 Nh6 14. h3 fxe5 15. Qc1 O-O+ 16. Kg1 Qa5 17. Kh2 Nf7 18. e3 Rfe8 19. Be2 Nd6 20. Rf1 Rac8 21. Qc2 c5 22. e4 d4 23. Bc4+ Kh8 24. Bf7 Nxf7 25. Rxf7 c4 26. Qf2 Qa6 27. Bf6 1-0

[Event "It (open)"]
[Site "Zupanja (Croatia)"]
[Date "2008.01.08"]
[Round "8"]
[White "Milanovic Danilo (SRB)"]
[Black "Miladinovic Igor (SRB)"]
[Result "1-0"]
[WhiteElo "2497"]
[BlackElo "2603"]
[PlyCount "80"]
[EventDate "2008.??.??"]
[Source "www.chesslib.no"]
[SourceDate "2004.05.04"]

1. d4 d5 2. c4 Nc6 3. Nf3 Bg4 4. Ne5 Nxe5 5. dxe5 d4 6. Qb3 Bd7 7. e4 c5 8. Qg3 e6 9. Be2 Qc7 10. Nd2 Ne7 11. O-O Nc6 12. f4 O-O-O 13. Nf3 Nb4 14. a3 d3 15. axb4 dxe2 16. Re1 cxb4 17. Be3 Bc6 18. Rxa7 Bxe4 19. Qf2 Kb8 20. Raa1 Rd1 21. Ba7+ Kc8 22. Bb6 Rxe1+ 23. Nxe1 Qc6 24. Qd4 Bd6 25. Qxd6 Qxd6 26. exd6 Kd7 27. Kf2 Kxd6 28. Kxe2 Kc6 29. Bd4 f6 30. Ke3 Bg6 31. Nd3 b3 32. Ra3 Bf5 33. Rxb3 Rd8 34. Nf2 h5 35. Ra3 Rg8 36. g3 Re8 37. b4 e5 38. fxe5 fxe5 39. Bc3 e4 40. Ra5 Rh8 1-0